Baroque: (Record no. 13534)
[ view plain ]
| 000 -LEADER | |
|---|---|
| fixed length control field | 01424nam a22003737a 4500 |
| 003 - CONTROL NUMBER IDENTIFIER | |
| control field | EG-ScBUE |
| 005 - DATE AND TIME OF LATEST TRANSACTION | |
| control field | 20220908095401.0 |
| 008 - FIXED-LENGTH DATA ELEMENTS--GENERAL INFORMATION | |
| fixed length control field | 100228t2007 gw a f b 00010 eeng d |
| 020 ## - INTERNATIONAL STANDARD BOOK NUMBER | |
| International Standard Book Number | 9783833133343 |
| 040 ## - CATALOGING SOURCE | |
| Original cataloging agency | EG-ScBUE |
| Language of cataloging | eng |
| Description conventions | rda |
| Transcribing agency | EG-ScBUE |
| Modifying agency | EG-ScBUE |
| 082 04 - DEWEY DECIMAL CLASSIFICATION NUMBER | |
| Edition number | 22 |
| Classification number | 709.032 |
| Item number | BAR |
| 245 00 - TITLE STATEMENT | |
| Title | Baroque: |
| Remainder of title | architecture. sculpture. painting / |
| Statement of responsibility, etc | edited by Rolf Toman ; photos by Achim Bednorz ; [translation from German Paul Auston, Phil Greenhead, Christine Shuttleworth] |
| 250 ## - EDITION STATEMENT | |
| Edition statement | Special edition. |
| 264 #1 - PUBLICATION, DISTRIBUTION, ETC. (IMPRINT) | |
| Place of publication, distribution, etc | Cologne : |
| Name of publisher, distributor, etc | Ullmann & Konemann/ Tandem Verlag GmbH, |
| Date of publication, distribution, etc | [2007] |
| 264 #4 - PUBLICATION, DISTRIBUTION, ETC. (IMPRINT) | |
| Date of publication, distribution, etc | c2007 |
| 300 ## - PHYSICAL DESCRIPTION | |
| Extent | 500 pages : |
| Other physical details | illustrations (some color) ; |
| Dimensions | 26 cm |
| 336 ## - CONTENT TYPE | |
| Source | rdacontent |
| Content type term | text |
| Content type code | txt |
| 337 ## - MEDIA TYPE | |
| Source | rdamedia |
| Media type term | unmediated |
| Media type code | n |
| 338 ## - CARRIER TYPE | |
| Source | rdacarrier |
| Carrier type term | volume |
| Carrier type code | nc |
| 504 ## - BIBLIOGRAPHY, ETC. NOTE | |
| Bibliography, etc | Includes bibliographical references and index |
| 546 ## - LANGUAGE NOTE | |
| Language note | Text in English ; translated from the original Germany.<br/> |
| 650 #7 - SUBJECT ADDED ENTRY--TOPICAL TERM | |
| 9 (RLIN) | 12004 |
| Topical term or geographic name as entry element | Art, Baroque. |
| Source of heading or term | BUEsh |
| 650 #7 - SUBJECT ADDED ENTRY--TOPICAL TERM | |
| 9 (RLIN) | 12005 |
| Topical term or geographic name as entry element | Architecture, Baroque. |
| Source of heading or term | BUEsh |
| 650 #7 - SUBJECT ADDED ENTRY--TOPICAL TERM | |
| 9 (RLIN) | 12006 |
| Topical term or geographic name as entry element | Sculpture, Baroque. |
| Source of heading or term | BUEsh |
| 651 ## - SUBJECT ADDED ENTRY--GEOGRAPHIC NAME | |
| Source of heading or term | BUEsh |
| 653 ## - INDEX TERM--UNCONTROLLED | |
| Resource For college | Engineering, Architecture |
| 655 ## - INDEX TERM--GENRE/FORM | |
| Form subdivision | Reading book |
| 9 (RLIN) | 34232 |
| 700 1# - ADDED ENTRY--PERSONAL NAME | |
| 9 (RLIN) | 12007 |
| Personal name | Toman, Rolf, |
| Relator term | editor. |
| 700 1# - ADDED ENTRY--PERSONAL NAME | |
| 9 (RLIN) | 12008 |
| Personal name | Bednorz, Achim, |
| Relator term | editor. |
| 700 1# - ADDED ENTRY--PERSONAL NAME | |
| 9 (RLIN) | 12009 |
| Personal name | Auston, Paul, |
| Relator term | translator. |
| 700 1# - ADDED ENTRY--PERSONAL NAME | |
| 9 (RLIN) | 12010 |
| Personal name | Greenhead, Phil, |
| Relator term | translator. |
| 700 1# - ADDED ENTRY--PERSONAL NAME | |
| 9 (RLIN) | 12011 |
| Personal name | Shuttleworth, Christine, |
| Relator term | translator. |
| 942 ## - ADDED ENTRY ELEMENTS (KOHA) | |
| Source of classification or shelving scheme | Dewey Decimal Classification |
| Koha item type | Book - Borrowing |
| Withdrawn status | Lost status | Source of classification or shelving scheme | Damaged status | Not for loan | Collection code | Home library | Current library | Shelving location | Date acquired | Source of acquisition | Total Checkouts | Full call number | Barcode | Date last seen | Date checked out | Price effective from | Koha item type |
|---|---|---|---|---|---|---|---|---|---|---|---|---|---|---|---|---|---|
| Dewey Decimal Classification | Alahram | Central Library | Central Library | Second Floor | 28/02/2010 | 3 | 709.032 BAR | 000012391 | 15/07/2025 | 27/10/2019 | 28/02/2010 | Book - Borrowing |